<?xml version="1.0" encoding="UTF-8"?>
<record
    xmlns:xsi="http://www.w3.org/2001/XMLSchema-instance"
    xsi:schemaLocation="http://www.loc.gov/MARC21/slim http://www.loc.gov/standards/marcxml/schema/MARC21slim.xsd"
    xmlns="http://www.loc.gov/MARC21/slim">

  <leader>00850nam a22002177a 4500</leader>
  <datafield tag="999" ind1=" " ind2=" ">
    <subfield code="c">8822</subfield>
    <subfield code="d">8822</subfield>
  </datafield>
  <controlfield tag="003">AR-CdUCM</controlfield>
  <controlfield tag="008">190326b           ||||| |||| 00| 0 spa d</controlfield>
  <datafield tag="040" ind1=" " ind2=" ">
    <subfield code="a">MUNICIPALIDAD PROVINCIAL DEL CUSCO</subfield>
    <subfield code="c">BIBLIOTECA MUNICIPAL DEL CUSCO</subfield>
  </datafield>
  <datafield tag="082" ind1=" " ind2=" ">
    <subfield code="a">985.6 /</subfield>
    <subfield code="b">R63</subfield>
  </datafield>
  <datafield tag="100" ind1=" " ind2=" ">
    <subfield code="a">R&#xED;os Mencia, Jes&#xFA;s </subfield>
  </datafield>
  <datafield tag="245" ind1=" " ind2=" ">
    <subfield code="a">Jamut'aq &amp; Kamayuq :</subfield>
    <subfield code="b">Sabios Cient&#xED;ficos y Maestros / </subfield>
  </datafield>
  <datafield tag="260" ind1=" " ind2=" ">
    <subfield code="a">Cusco - Per&#xFA; :</subfield>
    <subfield code="b">Gr&#xE1;fica Aguilar Graf ;</subfield>
    <subfield code="c">2012.</subfield>
  </datafield>
  <datafield tag="300" ind1=" " ind2=" ">
    <subfield code="a">212 p&#xE1;ginas ;</subfield>
    <subfield code="b">Fotograf&#xED;as b/n , ilustraciones </subfield>
    <subfield code="c">24cm</subfield>
  </datafield>
  <datafield tag="505" ind1=" " ind2=" ">
    <subfield code="a">Contenido: T&#xF3;picos de astronom&#xED;a -- Geometr&#xED;a en los andes -- Aritm&#xE9;tica ancestral andina -- Hidrodin&#xE1;mica ancestral -- Tecnolog&#xED;a en piedra...</subfield>
  </datafield>
  <datafield tag="650" ind1=" " ind2=" ">
    <subfield code="a">Incas </subfield>
    <subfield code="9">303</subfield>
  </datafield>
  <datafield tag="650" ind1=" " ind2=" ">
    <subfield code="a">Tecnolog&#xED;a inca</subfield>
    <subfield code="9">24573</subfield>
  </datafield>
  <datafield tag="650" ind1=" " ind2=" ">
    <subfield code="a">Matem&#xE1;tica inca</subfield>
    <subfield code="9">24574</subfield>
  </datafield>
  <datafield tag="650" ind1=" " ind2=" ">
    <subfield code="a">F&#xED;sica inca </subfield>
    <subfield code="9">24575</subfield>
  </datafield>
  <datafield tag="942" ind1=" " ind2=" ">
    <subfield code="2">ddc</subfield>
    <subfield code="c">LIBROS</subfield>
  </datafield>
  <datafield tag="945" ind1=" " ind2=" ">
    <subfield code="a">nom</subfield>
  </datafield>
  <datafield tag="952" ind1=" " ind2=" ">
    <subfield code="0">0</subfield>
    <subfield code="2">ddc</subfield>
    <subfield code="4">0</subfield>
    <subfield code="7">0</subfield>
    <subfield code="a">SH</subfield>
    <subfield code="b">SH</subfield>
    <subfield code="c">CART</subfield>
    <subfield code="d">2019-03-26</subfield>
    <subfield code="g">40.00</subfield>
    <subfield code="o">985.6 / R63</subfield>
    <subfield code="p">SH0000009471</subfield>
    <subfield code="r">2019-03-26</subfield>
    <subfield code="y">LIBROS</subfield>
  </datafield>
</record>
